[Event "Ch Slovakia"]
[Site "masterchessopen.com - Nove Zamky (Slovakia)"]
[Round "6"]
[White "Balogh Peter (SVK)"]
[Black "Sergeev Vladimir (UKR)"]
[Result "0-1"]
[WhiteElo "1955"]
[BlackElo "2461"]

1.d4 Nf6 2.c4 c5 3.d5 g6 4.Nc3 d6 5.e4 Bg7 6.Nf3 O-O 7.Be2 e6 8.O-O exd5
9.cxd5 Bg4 10.Nd2 Bxe2 11.Qxe2 Nbd7 12.Nc4 Nb6 13.Re1 Nxc4 14.Qxc4 a6 15.Bg5
b5 16.Qd3 h6 17.Bd2 Ng4 18.Nd1 Re8 19.Qh3 h5 20.Bc3 Bh6 21.b3 a5 22.Bb2 Bf4
23.g3 Bh6 24.Qf1 Qb6 25.Kg2 a4 26.h3 Ne5 27.f4 Nd7 28.Rc1 Re7 29.Qd3 Kh7
30.Nf2 a3 31.Ba1 b4 32.Rc2 Rae8 33.Rce2 Qb7 34.h4 Kg8 35.Kf1 Bg7 36.Bxg7 Kxg7
37.Nh3 f6 38.Ng1 f5 39.exf5 Nf6 40.Re6 Nxd5 41.Rxg6+ Kf7 42.Rge6 Nc7 43.Nf3
Rxe6 44.fxe6+ Kf6 45.f5 Qb5 46.Qxb5 Nxb5 {#R} 0-1

[Event "Ch Slovakia"]
[Site "masterchessopen.com - Nove Zamky (Slovakia)"]
[Round "3"]
[White "Szucs Vladimir (SVK)"]
[Black "Mruskovic Radoslav (SVK)"]
[Result "1-0"]
[WhiteElo "2205"]
[BlackElo "1973"]

1.d4 Nf6 2.c4 c5 3.d5 d6 4.Nc3 g6 5.e4 Bg7 6.Nf3 O-O 7.Be2 e6 8.O-O exd5
9.cxd5 Nbd7 10.Bf4 Ne8 11.Bg5 f6 12.Bh4 a6 13.a4 Rb8 14.Qc2 Nc7 15.Bg3 Qe7
16.Nd2 b5 17.axb5 axb5 18.Ra7 Rb7 19.Rxb7 Bxb7 20.Nxb5 Nxb5 21.Bxb5 f5 22.exf5
Rxf5 23.Ne4 Be5 24.Bc6 Bxc6 25.dxc6 Nf6 26.Qb3+ Kf8 27.Qb8+ Ne8 28.Ra1 d5
29.Bxe5 Rxe5 30.Ra7 Qd6 31.Qb7 Qc7 32.Qxc7 Nxc7 33.Rxc7 Rxe4 34.Kf1 Re7 35.Rb7
Re8 36.c7 {#r} 1-0

[Event "Ch World (juniors) (under 12)"]
[Site "masterchessopen.com - Oropesa (Spain)"]
[Round "10"]
[White "Halay Taufik (INA)"]
[Black "Stellwagen Daniel (NED)"]
[Result "0-1"]
[WhiteElo "2361"]
[BlackElo "2254"]

1.d4 Nf6 2.c4 c5 3.d5 e6 4.Nc3 exd5 5.cxd5 d6 6.e4 g6 7.Nf3 Bg7 8.Be2 O-O
9.O-O Na6 10.Nd2 Ne8 11.Nc4 f5 12.exf5 Bxf5 13.Bd3 Bd7 14.Ne4 b5 15.Ncxd6 Nxd6
16.Nxd6 c4 17.Bc2 Nb4 18.Bb1 Be5 19.Ne4 Bf5 20.Nc3 Nd3 21.Qe2 Re8 22.Qf3 b4
23.Ne2 Be4 24.Qg4 h5 25.Qh3 Bf5 {#R} 0-1

[Event "Ch Europe (juniors) (under 20)"]
[Site "masterchessopen.com - Patras (Greece)"]
[Round "1"]
[White "Crut Aurelien (FRA)"]
[Black "Halkias Stelios (GRE)"]
[Result "0-1"]
[WhiteElo "2207"]
[BlackElo "2406"]

1.d4 Nf6 2.Nf3 g6 3.c4 c5 4.Nc3 Bg7 5.d5 d6 6.e4 O-O 7.Be2 e6 8.O-O exd5
9.cxd5 Bg4 10.h3 Bxf3 11.Bxf3 Nbd7 12.Bf4 Qe7 13.Re1 a6 14.a4 Ne8 15.Qd2 Nc7
16.Be2 Rab8 17.Bf1 Rfc8 18.a5 b5 19.axb6 Rxb6 20.Ra2 Rcb8 21.Bc4 Bd4 22.b3 Re8
23.Re2 Ne5 24.Bxe5 dxe5 25.Qd3 Reb8 26.Rec2 Qh4 27.Kh2 Nb5 28.Bxb5 axb5 29.Qg3
Qf6 30.Nd1 Ra6 31.Qd3 c4 32.bxc4 Rxa2 33.Rxa2 b4 34.Rc2 b3 35.Rc1 Qf4+ {#R}
0-1

[Event "It (open)"]
[Site "masterchessopen.com - Saint Vincent (Italy)"]
[Round "6"]
[White "Franco Ocampos Zenon (PAR)"]
[Black "Loginov Valery A (RUS)"]
[Result "1-0"]
[WhiteElo "2474"]
[BlackElo "2530"]

1.d4 Nf6 2.Nf3 g6 3.c4 Bg7 4.Nc3 O-O 5.e4 d6 6.Be2 c5 7.d5 e6 8.O-O exd5
9.cxd5 Bg4 10.Bf4 Re8 11.h3 Nxe4 12.hxg4 Bxc3 13.Bb5 Nd7 14.bxc3 Nxc3 15.Qb3
Nxb5 16.Qxb5 Nb6 17.Rfe1 Rxe1+ 18.Rxe1 Nxd5 19.Bg5 Qc8 20.Bh6 Rb8 21.g5 Nf4
22.Qb2 Nh5 23.Nh2 c4 24.Qc3 b5 25.g4 b4 26.Qa1 c3 27.gxh5 Rb5 28.Qb1 a5 29.Qd3
Re5 30.Rc1 Qc5 31.Qf3 Rxg5+ 32.Kh1 Qd5 33.Bxg5 Qxg5 34.Rg1 Qh6 35.Nf1 Kf8
36.Ne3 a4 37.Qa8+ Ke7 38.Nf5+ Ke6 39.Re1+ Kxf5 40.Qc8+ Kg5 41.Rg1+ {#r} 1-0

[Event "It (open) \"]
[Site "masterchessopen.com - St. Petersburg (Russia)"]
[Round "2"]
[White "Smirnov Artem (RUS)"]
[Black "Kudinov Igor (RUS)"]
[Result "0-1"]
[WhiteElo "2171"]
[BlackElo "2217"]

1.d4 Nf6 2.c4 c5 3.d5 d6 4.Nc3 g6 5.e4 Bg7 6.Nf3 O-O 7.Be2 e6 8.O-O exd5
9.cxd5 Na6 10.Nd2 Nc7 11.a4 a6 12.a5 Bd7 13.Qb3 Rb8 14.f3 Nh5 15.Nc4 Bd4+
16.Be3 Qg5 17.Nd1 Nf4 18.Rf2 Nh3+ 19.Kf1 Bxe3 20.Qxe3 Qxe3 21.Ndxe3 Nxf2
22.Nxd6 Nxe4 23.Nxe4 Rfd8 24.Rd1 Bb5 25.Bxb5 Nxb5 26.Nxc5 Nd6 27.Ne4 Rbc8
28.Rd4 Nb5 29.Rd1 h5 30.d6 f5 31.d7 Rc7 32.Nf6+ Kf7 33.Ned5 Rc6 34.Re1 Re6
35.Nh7 Rxe1+ 36.Kxe1 Rxd7 37.Ng5+ Kf8 38.Ne6+ Kf7 39.Ng5+ Kg7 40.Ne6+ Kh6
41.Nf6 Rf7 42.Nd5 Rd7 43.Nf6 Rd6 44.Ng8+ Kh7 45.Nf6+ Kh8 {#R} 0-1

[Event "It (open) \"]
[Site "masterchessopen.com - Eforie Nord (Romania)"]
[Round "0"]
[White "Baluta Constantin (ROM)"]
[Black "Grecescu Gabriel-Andrei (ROM)"]
[Result "1-0"]
[WhiteElo "2243"]
[BlackElo "2423"]

1.d4 Nf6 2.c4 e6 3.Nf3 c5 4.d5 exd5 5.cxd5 d6 6.Nc3 g6 7.e4 Bg7 8.Be2 O-O
9.O-O Na6 10.Nd2 Nc7 11.a4 a6 12.a5 Bd7 13.Nc4 Bb5 14.Nb6 Rb8 15.f3 Nd7
16.Nxd7 Qxd7 17.Bf4 Bxe2 18.Qxe2 Nb5 19.Nxb5 axb5 20.a6 Rfe8 21.axb7 Rxb7
22.Ra6 Be5 23.Bxe5 Rxe5 24.Rfa1 Re8 25.Qd2 Qe7 26.Qf4 Rd7 27.Rc6 Red8 28.h3 f6
29.Raa6 Qe5 30.Qxe5 fxe5 31.b4 cxb4 32.Rab6 Kf7 33.Rxb5 Ke7 34.Rxb4 Ra8 35.Rb2
g5 36.Kh2 h5 37.Kg3 Rg8 38.Rbc2 Rg7 39.Rc7 Kf6 40.Rxd7 Rxd7 41.Rc8 Kg7 42.Re8
Kf7 43.Re6 Rd8 44.h4 gxh4+ 45.Kxh4 Rg8 46.g3 Rg6 47.Rxg6 Kxg6 48.f4 exf4
49.gxf4 Kf6 {#r} 1-0

[Event "Cup Infotozsde"]
[Site "masterchessopen.com - Heves (Hungary)"]
[Date "1999.12.04"]
[Round "2"]
[White "Blasko Istvan (HUN)"]
[Black "Forgo Janos (HUN)"]
[Result "1-0"]
[WhiteElo "2221"]
[BlackElo "2189"]

1.d4 Nf6 2.c4 c5 3.d5 e6 4.Nc3 exd5 5.cxd5 d6 6.e4 g6 7.Nf3 Bg7 8.Be2 O-O
9.O-O Nbd7 10.a4 b6 11.Bf4 Qe7 12.Nd2 Ne8 13.Qc2 f5 14.f3 fxe4 15.fxe4 Ne5
16.a5 Rb8 17.axb6 axb6 18.Nb5 Nc7 19.Ra7 Rb7 20.Rxb7 Bxb7 21.Nxc7 Qxc7 22.b4
Qe7 23.b5 Bc8 24.Bxe5 Rxf1+ 25.Bxf1 Bxe5 26.Nc4 Qf6 27.Bd3 Bg4 28.h3 Bd4+
29.Kh2 Bf2 30.Qd2 Bxh3 31.gxh3 Qf3 32.Qg5 Qxd3 33.Nxd6 Be1 34.Qf4 Qe2+ 35.Kg1
Kg7 36.Qe5+ Kg8 37.Qf6 {#r} 1-0

[Event "It (open)"]
[Site "masterchessopen.com - Bad Woerishofen (Germany)"]
[Round "7"]
[White "Ivanov Mikhail M (RUS)"]
[Black "Mainka Romuald (GER)"]
[Result "1-0"]
[WhiteElo "2461"]
[BlackElo "2463"]

1.d4 Nf6 2.c4 e6 3.Nf3 c5 4.d5 exd5 5.cxd5 d6 6.Nc3 g6 7.e4 Bg7 8.Be2 O-O
9.O-O Na6 10.Nd2 Nc7 11.a4 b6 12.Nc4 Ba6 13.Re1 Bxc4 14.Bxc4 Re8 15.Bg5 h6
16.Bh4 a6 17.f4 Qd7 18.e5 dxe5 19.fxe5 Qg4 20.Bxf6 Qxc4 21.Re4 Qxc3 22.bxc3
Bxf6 23.d6 Rad8 24.exf6 Rxe4 25.dxc7 {#r} 1-0

[Event "Cup Russia (open)"]
[Site "masterchessopen.com - Bor (Russia)"]
[Round "5"]
[White "Arzhenkov Gennady (RUS)"]
[Black "Fliagin Dmitriy (RUS)"]
[Result "1-0"]
[WhiteElo "2330"]
[BlackElo "2247"]

1.d4 Nf6 2.c4 c5 3.d5 e6 4.Nc3 exd5 5.cxd5 d6 6.e4 g6 7.Be2 Bg7 8.Nf3 O-O
9.O-O Bg4 10.Nd2 Bxe2 11.Qxe2 Nbd7 12.a4 Re8 13.a5 Nh5 14.Nc4 Ne5 15.g3 Nxc4
16.Qxc4 a6 17.Re1 Nf6 18.Bd2 Nd7 19.f4 b5 20.axb6 Nxb6 21.Qf1 c4 22.Kg2 Qc7
23.h4 Nd7 24.Ra4 Rec8 25.Nd1 Rab8 26.Rxa6 Rb6 27.Ba5 Qb7 28.Rxb6 Nxb6 29.Bc3
Na4 30.Bxg7 Kxg7 31.Qf2 Qb3 32.Qd4+ Kg8 33.Re3 Qc2+ 34.Kf3 Rb8 35.e5 dxe5
36.Rxe5 Nxb2 37.Nxb2 Qxb2 38.Re8+ {#r} 1-0

[Event "Cup Union de Reyes"]
[Site "masterchessopen.com - Cuba"]
[Round "0"]
[White "Almeida Omar (CUB)"]
[Black "Hernandez Daniel (ESP)"]
[Result "1-0"]
[WhiteElo "2414"]
[BlackElo "1878"]

1.d4 Nf6 2.c4 e6 3.Nf3 c5 4.d5 d6 5.Nc3 exd5 6.cxd5 g6 7.e4 Bg7 8.Be2 O-O
9.O-O Bg4 10.Be3 Bxf3 11.Bxf3 Re8 12.h3 Nbd7 13.a4 a6 14.Qc2 Qe7 15.a5 h5
16.Rfe1 Nh7 17.Qd2 Rac8 18.Bd1 Ne5 19.Ra4 c4 20.Bc2 Qd7 21.Rb4 Qc7 22.Bb6 Qe7
23.f4 Nd7 24.Bd4 Rc7 25.Bxg7 Kxg7 26.e5 Qh4 27.Re4 dxe5 28.d6 Rcc8 29.fxe5 Qg5
30.Qd4 Rxe5 31.Rxb7 Nhf6 32.Rxd7 Nxd7 33.Ba4 f6 34.Bxd7 Rd8 35.Ba4 Qg3 36.Rxe5
fxe5 37.Qxc4 Qe3+ 38.Kh2 Rf8 39.d7 g5 40.Nd5 Qf2 41.d8=Q Rxd8 42.Qc7+ {#r} 1-0

[Event "Cup Union de Reyes"]
[Site "masterchessopen.com - Cuba"]
[Round "0"]
[White "Marichal Ariel (CUB)"]
[Black "Almeida Omar (CUB)"]
[Result "0-1"]
[WhiteElo "2214"]
[BlackElo "2414"]

1.d4 Nf6 2.c4 c5 3.d5 e6 4.Nc3 exd5 5.cxd5 d6 6.e4 g6 7.Nf3 Bg7 8.Be2 O-O
9.O-O Bg4 10.Nd2 Bxe2 11.Qxe2 Re8 12.f3 a6 13.a4 Nbd7 14.Nc4 Nb6 15.Ne3 Qc7
16.Bd2 Rab8 17.a5 Nbd7 18.Na4 Nh5 19.g3 Bd4 20.Kh1 Re7 21.Nc4 f5 22.Qd3 fxe4
23.fxe4 Rbe8 24.Rae1 Ndf6 25.Bh6 Qd7 26.Nab6 Qh3 27.Qf3 Rxe4 28.Be3 Rxe3
29.Nxe3 Rxe3 {#R} 0-1

[Event "Ch Czech Republic (juniors) (team) 1999/00"]
[Site "masterchessopen.com - Czech Republic"]
[Round "0"]
[White "Meszaros Ludek (CZE)"]
[Black "Slajs Vlastimil (CZE)"]
[Result "1-0"]
[WhiteElo "2272"]
[BlackElo "2134"]

1.d4 Nf6 2.c4 e6 3.Nf3 c5 4.d5 exd5 5.cxd5 d6 6.Nc3 g6 7.e4 Bg7 8.Be2 O-O
9.O-O Na6 10.Nd2 Nc7 11.a4 b6 12.f3 Nfe8 13.Nc4 f5 14.exf5 Bxf5 15.g4 Bd7
16.Ne4 Qe7 17.Bg5 Bf6 18.h4 Bxg5 19.hxg5 b5 20.axb5 Bxb5 21.Kg2 Bxc4 22.Bxc4
Qe5 23.b3 a6 24.Qd2 Rb8 25.Rac1 Qf4 26.Qxf4 Rxf4 27.Kg3 Rf8 28.Ra1 Rb6 29.Ra5
Nb5 30.Bxb5 axb5 31.Ra8 c4 32.Re1 Kg7 33.b4 Nc7 34.Ra7 Rf7 35.Nf6 Na6 36.Ra8
Nb8 37.Rh1 Kh8 38.f4 Rfb7 39.Rxb8+ {#r} 1-0

[Event "It (open) \"]
[Site "masterchessopen.com - Gausdal (Norway)"]
[Round "7"]
[White "Borchgrevink Harald (NOR)"]
[Black "Sterk Michel (NOR)"]
[Result "0-1"]
[WhiteElo "2175"]
[BlackElo "2040"]

1.c4 g6 2.d4 Bg7 3.e4 c5 4.d5 d6 5.Nc3 e6 6.Be2 exd5 7.cxd5 Nf6 8.Nf3 O-O
9.O-O Bg4 10.Nd2 Bxe2 11.Qxe2 Nbd7 12.Nc4 Nb6 13.Bg5 Nxc4 14.Qxc4 a6 15.a4 Re8
16.Rfe1 Qc7 17.Rad1 Nd7 18.f4 h6 19.Bh4 Nb6 20.Qb3 c4 21.Qb4 Nd7 22.Bf2 Rab8
23.Ba7 Ra8 24.Bd4 Bxd4+ 25.Rxd4 Rac8 26.Ne2 Qc5 27.Qxc5 Nxc5 28.Rxc4 Rxe4
29.Rxe4 Nxe4 30.Nd4 f5 31.g4 Rc4 32.Ne6 Rxa4 33.gxf5 gxf5 34.Rc1 Rb4 35.Rc8+
Kf7 36.Rf8+ Ke7 37.Rxf5 Nf6 38.Ng7 Rxb2 39.Nh5 Ne4 40.Ng3 Nxg3 41.hxg3 a5
42.Rh5 a4 43.Rxh6 a3 44.Rh7+ Kf8 {#R} 0-1

[Event "It (open) \"]
[Site "masterchessopen.com - Gausdal (Norway)"]
[Round "5"]
[White "Hammerstad Asmund (NOR)"]
[Black "Sterk Michel (NOR)"]
[Result "0-1"]
[WhiteElo "2159"]
[BlackElo "2040"]

1.d4 g6 2.c4 Bg7 3.Nf3 c5 4.d5 d6 5.e4 e6 6.Be2 exd5 7.cxd5 Nf6 8.Nc3 O-O
9.O-O Bg4 10.Re1 Bxf3 11.Bxf3 Na6 12.Bf4 Nc7 13.a4 Re8 14.e5 dxe5 15.Bxe5 a6
16.d6 Rxe5 17.Rxe5 Ne6 18.Bxb7 Rb8 19.Bxa6 Rxb2 20.Bc4 Ng4 21.Rxe6 Qh4 22.Re8+
Bf8 23.Qxg4 Qxg4 24.Ne4 Kg7 25.Bb5 Bxd6 26.Nxd6 Qd4 27.Rf1 Qxd6 28.Ree1 h5
29.Rd1 Qf4 30.Ra1 h4 31.Bc6 Qd6 32.Bf3 Qd4 33.Kh1 Rxf2 34.Rg1 h3 35.a5 c4
36.a6 hxg2+ 37.Bxg2 Qa7 38.Rgc1 Rf6 39.Bb7 Rb6 40.Kg2 Rb2+ 41.Kh3 Qe3+ {#R}
0-1

[Event "It (open)"]
[Site "masterchessopen.com - Milan (Italy)"]
[Round "2"]
[White "Barberi Alessandro (ITA)"]
[Black "Bozzali Ermanno (ITA)"]
[Result "0-1"]
[WhiteElo "2113"]
[BlackElo "2085"]

1.d4 Nf6 2.c4 c5 3.d5 e6 4.Nc3 exd5 5.cxd5 d6 6.e4 g6 7.Nf3 Bg7 8.Be2 O-O
9.O-O b6 10.Nd2 Ba6 11.Bxa6 Nxa6 12.Qe2 Nc7 13.a4 Re8 14.Qd3 a6 15.f3 b5
16.axb5 axb5 17.Rxa8 Qxa8 18.b3 Qb7 19.Bb2 Nd7 20.Ra1 Ne5 21.Qc2 Qb6 22.Ne2
Na6 23.Bc3 Nb4 24.Qb1 Ned3 25.Bxg7 Kxg7 26.h3 c4+ 27.Kh2 Qe3 28.Qd1 Rc8
29.bxc4 bxc4 30.Nf1 Qg5 31.Ra3 Qe5+ 32.g3 Qb2 33.Rc3 Ra8 34.Qd2 Qxd2 35.Nxd2
Ra2 36.Nxc4 Rxe2+ 37.Kg1 Ne5 38.Nxd6 Nbd3 {#R} 0-1

[Event "Extra League 1999/00"]
[Site "masterchessopen.com - Slovakia"]
[Round "8"]
[White "Djubek Boris (SVK)"]
[Black "Kalisky Vladimir (SVK)"]
[Result "1-0"]
[WhiteElo "2191"]
[BlackElo "2225"]

1.d4 Nf6 2.c4 c5 3.d5 d6 4.Nc3 g6 5.e4 Bg7 6.Be2 O-O 7.Nf3 e6 8.O-O exd5
9.cxd5 b6 10.Re1 Re8 11.Bb5 Bd7 12.Bxd7 Nfxd7 13.Bg5 f6 14.Bf4 Ne5 15.Nxe5
fxe5 16.Be3 a6 17.a4 Nd7 18.Qe2 Bf6 19.Ra3 Qc7 20.Qc4 Reb8 21.Rb3 Qd8 22.Rc1
Kh8 23.Qe2 Qe8 24.h3 Qf7 25.Nb1 Qe8 26.Na3 Nf8 27.Nc4 Qxa4 28.Rxb6 Be7 29.b3
Qd7 30.Qa2 Qc7 31.Rc6 Qd8 32.Bd2 Rb5 33.Ba5 Qe8 34.Nxd6 Bxd6 35.Rxd6 Qf7
36.Bc3 Nd7 37.Qb2 Kg8 38.Bxe5 Re8 39.f4 Nxe5 40.fxe5 Qf4 41.Rf1 Qxe4 42.e6
Qd4+ 43.Qxd4 cxd4 44.Rd7 d3 45.e7 d2 46.Rd8 Rb8 47.Rxb8 Rxb8 48.d6 d1=Q
49.Rxd1 Kf7 50.Rf1+ {#r} 1-0

[Event "Oberliga East B 2000/01"]
[Site "masterchessopen.com - Germany"]
[Round "10"]
[White "Elschner Annegret (GER)"]
[Black "Fischer Johannes (GER)"]
[Result "0-1"]
[WhiteElo "2139"]
[BlackElo "2299"]

1.d4 Nf6 2.c4 c5 3.d5 d6 4.Nc3 g6 5.e4 Bg7 6.Nf3 O-O 7.Be2 e6 8.O-O exd5
9.cxd5 Bg4 10.Nd2 Bxe2 11.Qxe2 Re8 12.a4 Na6 13.Nc4 Nb4 14.Rd1 Qe7 15.f3 a6
16.Be3 Nd7 17.Na2 Nxa2 18.Rxa2 f5 19.Bf4 Ne5 20.exf5 Nxc4 21.Qxc4 Bd4+ 22.Kf1
g5 23.Bc1 Qe5 24.f4 Qxf5 25.b4 Re4 26.Re2 Rxf4+ 27.Ke1 Rf1+ 28.Kd2 Rf4 29.Qd3
Qxd5 30.Ke1 Rf7 31.Be3 Raf8 32.Bxd4 cxd4 33.Re4 Rf1+ 34.Kd2 Qa2+ 35.Qc2 R8f2+
{#R} 0-1

[Event "It (open) \"]
[Site "masterchessopen.com - High Tatras (Slovakia)"]
[Round "7"]
[White "Biolek Richard (CZE)"]
[Black "Sikorova Olga (CZE)"]
[Result "1-0"]
[WhiteElo "2429"]
[BlackElo "2288"]

1.d4 c5 2.d5 Nf6 3.c4 e6 4.Nc3 exd5 5.cxd5 d6 6.e4 g6 7.Nf3 Bg7 8.Be2 O-O
9.O-O Na6 10.Nd2 Nc7 11.a4 b6 12.Nc4 Ba6 13.Bg5 Bxc4 14.Bxc4 h6 15.Bh4 a6
16.Re1 Qd7 17.f4 Ng4 18.e5 dxe5 19.h3 b5 20.Qxg4 Qxg4 21.hxg4 bxc4 22.fxe5 g5
23.Bg3 Rfd8 24.Rad1 Ra7 25.Re4 Rb7 26.Rxc4 Bf8 27.Ne4 Rxb2 28.d6 Ne6 29.Nxc5
Nxc5 30.Rxc5 Rb4 31.Rdc1 Rxa4 32.Rc8 Rxc8 33.Rxc8 Rd4 34.Bf2 Rd1+ 35.Kh2 Kg7
36.Bc5 a5 37.Rxf8 {#r} 1-0

[Event "It (open)"]
[Site "masterchessopen.com - Soest (Netherlands)"]
[Round "3"]
[White "Ikonnikov Vyacheslav (RUS)"]
[Black "Stellwagen Daniel (NED)"]
[Result "1-0"]
[WhiteElo "2509"]
[BlackElo "2384"]

1.d4 Nf6 2.Nf3 c5 3.d5 e6 4.c4 exd5 5.cxd5 d6 6.Nc3 g6 7.e4 Bg7 8.Be2 O-O
9.O-O Bg4 10.Bf4 Bxf3 11.Bxf3 Qe7 12.Qb3 Nbd7 13.Qxb7 Rfb8 14.Qc6 Ne5 15.Bxe5
Qxe5 16.Rfe1 Rc8 17.Qa6 Rcb8 18.Qe2 Rb4 19.Rac1 a5 20.g3 h5 21.b3 Nd7 22.Bg2
h4 23.f4 Qxc3 24.Rxc3 Bxc3 25.Rf1 a4 26.e5 axb3 27.axb3 Rxb3 28.Qg4 Rb2
29.Qxd7 Raa2 30.Qh3 Rxg2+ 31.Qxg2 Bd4+ 32.Kh1 Rxg2 33.Kxg2 dxe5 34.d6 Kf8
35.fxe5 Bxe5 36.d7 Bc7 37.Re1 {#r} 1-0

[Event "Ch China (team)"]
[Site "masterchessopen.com - Suzhou/Jiangsu (China)"]
[Round "3"]
[White "Wang Yaoyao (CHN)"]
[Black "Zhao Jun (CHN)"]
[Result "1-0"]
[WhiteElo "2481"]
[BlackElo "2347"]

1.d4 Nf6 2.c4 c5 3.d5 e6 4.Nc3 exd5 5.cxd5 d6 6.e4 g6 7.Nf3 Bg7 8.Be2 O-O
9.O-O Bg4 10.Be3 Nbd7 11.h3 Bxf3 12.Bxf3 a6 13.a4 Re8 14.Qc2 Qe7 15.g3 c4
16.Bg2 Ne5 17.a5 Nfd7 18.Ra4 Rac8 19.Rb4 Nf6 20.Na4 c3 21.Nb6 Rc7 22.bxc3 Ned7
23.Nxd7 Nxd7 24.c4 Nc5 25.Rfb1 h5 26.Rb6 Bf6 27.h4 Kg7 28.f3 Kg8 29.Bf2 Bg7
30.Bh3 Kh7 31.Kg2 Kg8 32.Re1 Qd8 33.f4 Bf8 34.e5 dxe5 35.fxe5 Nd7 36.d6 Rc6
37.Rxc6 bxc6 38.e6 {#r} 1-0

[Event "It (open)"]
[Site "masterchessopen.com - Arco (Italy)"]
[Round "3"]
[White "Barbafiera Luigi (ITA)"]
[Black "Weinberg Emanuele (ITA)"]
[Result "0-1"]
[WhiteElo "1977"]
[BlackElo "1959"]

1.c4 Nf6 2.d4 e6 3.Nc3 c5 4.d5 exd5 5.cxd5 d6 6.e4 g6 7.Nf3 Bg7 8.Be2 O-O
9.O-O Bg4 10.Nd2 Bxe2 11.Qxe2 Re8 12.Nc4 b5 13.Nxd6 Qxd6 14.Nxb5 Qd7 15.f3 a6
16.Nc3 Nxd5 17.Rd1 Nxc3 18.bxc3 Qe6 19.Bd2 Nc6 20.Be1 c4 21.Qf2 Red8 22.Qb6
Rd3 23.Rxd3 cxd3 24.Rd1 Qc4 25.Qb3 Qxb3 26.axb3 Rd8 27.Bd2 Na5 28.Rb1 Rb8
29.b4 Nc4 30.Bf4 Rd8 {#R} 0-1

[Event "Bundesliga (2nd) West 2000/01"]
[Site "masterchessopen.com - Germany"]
[Round "9"]
[White "Molinaroli Martin (GER)"]
[Black "Drollinger Dennis (GER)"]
[Result "1-0"]
[WhiteElo "2237"]
[BlackElo "2281"]

1.d4 Nf6 2.Nf3 c5 3.d5 e6 4.c4 exd5 5.cxd5 d6 6.Nc3 g6 7.e4 Bg7 8.Be2 O-O
9.O-O Na6 10.Bf4 Ne8 11.Re1 f5 12.e5 dxe5 13.Bxe5 Nd6 14.Qb3 Nc7 15.Rad1 Nce8
16.Qa3 b6 17.b4 cxb4 18.Qxb4 a6 19.Bxg7 Kxg7 20.Nd4 b5 21.Bf3 a5 22.Qc5 Qf6
23.Ncxb5 Ne4 24.Qc2 Bd7 25.Bxe4 fxe4 26.Rxe4 Rc8 27.Qe2 Rc5 28.Re7+ Rf7
29.Rxd7 Rxd7 30.Ne6+ Kg8 31.Nxc5 Re7 32.Qc4 Kh8 33.d6 {#r} 1-0

[Event "Ch Iceland (team) 2002/03"]
[Site "masterchessopen.com - Iceland"]
[Round "2"]
[White "Einarsson Bergsteinn (ISL)"]
[Black "Sigurpalsson Runar (ISL)"]
[Result "1-0"]
[WhiteElo "2243"]
[BlackElo "2224"]

1.d4 Nf6 2.c4 e6 3.Nc3 c5 4.d5 exd5 5.cxd5 g6 6.e4 d6 7.Nf3 Bg7 8.Be2 O-O
9.O-O Bg4 10.Bf4 Re8 11.h3 Bxf3 12.Bxf3 a6 13.Re1 b5 14.e5 dxe5 15.d6 e4
16.Nxe4 Nxe4 17.Rxe4 Rxe4 18.Bxe4 Ra7 19.Qc2 Bd4 20.Rd1 Qf6 21.g3 b4 22.Rxd4
Qxd4 23.Be3 Qxd6 24.Bxc5 Qc7 25.Bxa7 Qxa7 26.Qc8+ Kg7 27.Bb7 a5 28.b3 h5 29.h4
Kf6 30.Qc7 Kg7 31.Qc8 Kf6 32.Qc7 Kg7 33.Qe5+ Kg8 34.Bd5 Kf8 35.Qh8+ Ke7
36.Bxf7 Qb6 37.Qe8+ Kf6 38.Bxg6 {#r} 1-0

[Event "Ch Peru (regional)"]
[Site "masterchessopen.com - Lima (Peru)"]
[Round "4"]
[White "Requejo Oswaldo (PER)"]
[Black "Yale Jorge (PER)"]
[Result "1-0"]
[WhiteElo "2223"]
[BlackElo "2144"]

1.d4 Nf6 2.Nf3 g6 3.c4 c5 4.d5 Bg7 5.Nc3 O-O 6.e4 d6 7.Be2 e6 8.O-O exd5
9.cxd5 Bg4 10.Be3 Nbd7 11.Qc2 a6 12.a4 Re8 13.a5 Rc8 14.Ra4 c4 15.h3 Bxf3
16.Bxf3 Qe7 17.Rb4 Rc7 18.Na4 Nxe4 19.Rxc4 Rxc4 20.Qxc4 Ng3 21.Rd1 Ne5 22.Qf4
Nf5 23.Bb6 Bh6 24.Qe4 Nh4 25.Be2 f5 26.Qb4 Qg5 27.Bf1 f4 28.Nc3 Nxg2 29.Ne4
Nf3+ 30.Kh1 Rxe4 31.Qxe4 Ngh4 32.Qe6+ Kg7 33.Qg4 Qe5 34.Qxh4 Nxh4 35.Bd4 Nf3
36.Bxe5+ Nxe5 37.Rc1 f3 38.Rc7+ Kf6 39.Rxb7 Bc1 40.Bxa6 Kf5 {#r} 1-0

[Event "It (open)"]
[Site "masterchessopen.com - Nova Gorica (Slovenia)"]
[Round "1"]
[White "Portelli Severino (ITA)"]
[Black "Fercec Nenad (CRO)"]
[Result "0-1"]
[WhiteElo "1758"]
[BlackElo "2484"]

1.d4 Nf6 2.c4 c5 3.d5 e6 4.Nc3 exd5 5.cxd5 d6 6.e4 g6 7.Be2 Bg7 8.Nf3 O-O
9.O-O Na6 10.Bd2 Re8 11.Bg5 h6 12.Bxf6 Qxf6 13.Qa4 Bg4 14.a3 Bxf3 15.Bxf3 Nc7
16.Qd7 Re7 17.Qa4 a6 18.Qc2 b5 19.Rab1 Rae8 20.b4 Qxc3 {#R} 0-1

[Event "Ch Russia (juniors) (team)"]
[Site "masterchessopen.com - Orsk (Russia)"]
[Round "0"]
[White "Torshin Anton (RUS)"]
[Black "Menshikov Sergey (RUS)"]
[Result "0-1"]
[WhiteElo "2135"]
[BlackElo "2146"]

1.d4 Nf6 2.c4 c5 3.d5 e6 4.Nc3 exd5 5.cxd5 d6 6.e4 g6 7.Nf3 Bg7 8.Be2 O-O
9.O-O Na6 10.Bf4 Nc7 11.Qc2 a6 12.a4 b6 13.Rad1 Nh5 14.Bc1 Rb8 15.Ng5 h6
16.Nf3 b5 17.axb5 axb5 18.e5 Bf5 19.Bd3 Bxd3 20.Qxd3 dxe5 21.d6 Ne6 22.Rfe1
Nd4 23.Nxe5 Qxd6 24.Ng4 f5 25.Ne3 Nf4 26.Qf1 Qc6 27.f3 Kh7 28.Rd2 g5 29.Nc2 b4
30.Nd1 Nb3 31.Re7 Nxd2 32.Bxd2 Nd5 33.Ra7 Rb7 34.Ra6 Qb5 35.Nce3 Qxf1+ 36.Kxf1
Nxe3+ 37.Bxe3 Rc8 38.Ke2 c4 39.Kd2 f4 40.Bf2 c3+ 41.bxc3 bxc3+ 42.Nxc3 Bxc3+
{#R} 0-1

[Event "Tournament (team) \"]
[Site "masterchessopen.com - Slovenia"]
[Round "1"]
[White "Sajn Simon"]
[Black "Bukovec Dejan"]
[Result "0-1"]
[WhiteElo "1929"]
[BlackElo "1739"]

1.d4 Nf6 2.Nf3 c5 3.d5 e6 4.c4 exd5 5.cxd5 d6 6.Nc3 g6 7.e4 Bg7 8.Be2 O-O
9.O-O Bg4 10.Nd2 Bxe2 11.Qxe2 Re8 12.f3 a6 13.a4 Nbd7 14.Nc4 Ne5 15.Nxe5 Rxe5
16.Bf4 Re8 17.Qd2 b6 18.Rfe1 Qd7 19.Ra2 Nh5 20.Be3 b5 21.g4 Nf6 22.a5 Rac8
23.Ne2 Qe7 24.Ng3 Nd7 25.f4 Nf6 26.Qe2 Nxe4 27.Bf2 Qd7 28.Nxe4 f5 29.gxf5 gxf5
30.Qf3 fxe4 31.Rxe4 Rxe4 32.Qxe4 Re8 33.Qf3 Qf5 34.Ra1 Bxb2 35.Rd1 Bg7 36.Qg3
Qg6 37.Kf1 Qxg3 38.hxg3 Re4 39.Be1 Ra4 40.Ke2 b4 41.g4 Rxa5 42.Bg3 Ra2+ {#R}
0-1

[Event "It (open)"]
[Site "masterchessopen.com - Struga (Macedonia)"]
[Round "1"]
[White "Janevska Aleksandra (MKD)"]
[Black "Ilic Ljubomir (MKD)"]
[Result "0-1"]
[WhiteElo "2011"]
[BlackElo "2228"]

1.d4 Nf6 2.c4 c5 3.d5 e6 4.Nc3 exd5 5.cxd5 d6 6.e4 g6 7.Nf3 Bg7 8.Be2 O-O
9.O-O Bg4 10.Nd2 Bxe2 11.Qxe2 Nbd7 12.Nc4 Nb6 13.Nd2 Re8 14.Qd3 Rc8 15.b3 Ng4
16.Rb1 c4 17.bxc4 Ne5 18.Qg3 Nexc4 19.Nxc4 Nxc4 20.Re1 Qa5 21.Rb3 f5 22.h4
fxe4 23.h5 e3 24.fxe3 Bxc3 25.Rxc3 Qxc3 26.hxg6 hxg6 27.Qxg6+ Qg7 {#R} 0-1

[Event "Ch Germany (juniors) (team) (under 18)"]
[Site "masterchessopen.com - Winterberg (Germany)"]
[Round "7"]
[White "Rau Hannes (GER)"]
[Black "Fiedler Holger (GER)"]
[Result "1-0"]
[WhiteElo "2328"]
[BlackElo "2141"]

1.d4 Nf6 2.c4 g6 3.Nc3 Bg7 4.e4 d6 5.Nf3 O-O 6.Be2 c5 7.d5 e6 8.O-O exd5
9.cxd5 Bg4 10.Bf4 Re8 11.h3 Bxf3 12.Bxf3 a6 13.Re1 b5 14.e5 Nfd7 15.exd6 Ne5
16.a4 b4 17.Ne4 Nbd7 18.Be2 Qb6 19.a5 Qb8 20.Rc1 c4 21.Bxc4 Nxc4 22.Rxc4 Qb5
23.b3 Qxa5 24.Rc7 Rad8 25.Rxd7 Rxd7 26.Nf6+ Bxf6 27.Rxe8+ Kg7 28.Qd2 h5
29.Bh6+ Kh7 30.Bf8 Qa1+ 31.Kh2 Be5+ 32.g3 Bg7 33.Re7 Rd8 34.Bxg7 Kxg7 35.d7
Qf6 36.d6 a5 37.Kg2 Qf5 38.Qd4+ Kh7 39.Re8 {#r} 1-0